Bayesian probability theory: applications in the physical sciences

Shranjeno v:
Bibliografske podrobnosti
Main Authors: Linden, Wolfgang von der (autor), Dose, Volker (Author), Toussaint, Udo von (Author)
Format: Knjiga
Jezik:angleščina
Izdano: Cambridge Cambridge University Press 2014
Izdaja:1a. ed
Teme:
Oznake: Označite
Brez oznak, prvi označite!

MARC

LEADER 00000cam a2200000 a 4500
001 UCD7671
003 CL-VaPUC
008 170331e20140000uk |||||||||||||||||eng|d
020 |a 9781107035904 
082 0 4 |a 519.542  |b LIN  |2 21 
100 |a Linden, Wolfgang von der  |e autor  |9 591684 
700 0 |a Dose, Volker  |e author  |9 591685 
700 0 |a Toussaint, Udo von  |e author  |9 591686 
245 1 0 |a Bayesian probability theory: applications in the physical sciences 
250 |a 1a. ed 
300 |a 637 p 
942 |c BK 
945 |d 20170331 00:58:00  |a arojas 
260 |a Cambridge  |b Cambridge University Press  |c 2014 
650 0 |a Probabilidades   |9 260199 
650 0 |a Estadística matemática  |9 260028 
650 0 |a Métodos estadísticos   |9 259407 
650 0 |a Toma de decisiones   |9 257530 
650 7 |a BAYESIAN  |2 CL-VaPUC  |9 534925 
583 |a last modification  |c 20170331 00:58:00  |k Rodrigo Vera 
999 |c 367639  |d 367637 
952 |0 0  |1 0  |3 erd  |4 0  |6 519_542000000000000_LIN_2014  |7 0  |8 A  |9 482639  |a BIBGIM  |b BIBGIM  |i 5370590  |l 3  |o 519.542 LIN 2014  |p 5370590  |r 2025-01-15  |s 2022-08-18  |w 2019-11-24  |y BK  |z Catalogado en:20170331  |k EST